000 00682nam a22001817a 4500
999 _c19581
_d19581
003 AR-CdUCM
008 190410b ||||| |||| 00| 0 spa d
040 _aMUNICIPALIDAD PROVINCIAL DEL CUSCO
_cBIBLIOTECA MUNICIPAL DEL CUSCO
082 _a364.1 /
_bQ72
100 _aQuiros, Constancio Bernaldo de
_941004
245 _aCriminología /
260 _aPuebla :
_bJose M,
_c1948.
300 _a403 páginas
_c24 cm.
505 _aContenido : Criminologia -- La definición de delito -- El contenido de la delincuencia -- Naturaleza y origen de la delincuencia -- Las variedades delincuentes...
650 _aDerecho penal
_95831
942 _2ddc
_cLIBROS
945 _apjha
_d2019-05-18